| 000 -CABECERA |
| Campo de control de longitud fija |
00630nas a2200193 a 4500 |
| 001 - NÚMERO DE CONTROL |
| Campo de control |
5482 |
| 003 - IDENTIFICADOR DE NÚMERO DE CONTROL |
| Campo de control |
CDMR |
| 005 - FECHA Y HORA DE LA ÚLTIMA TRANSACCIÓN |
| Campo de control |
20151016124801.0 |
| 008 - CAMPO FIJO DE DESCRIPCIÓN FIJA--INFORMACIÓN GENERAL |
| Campo de control de longitud fija |
130130d19992006||| ||p|||||||||||||cat|d |
| 040 ## - FUENTE DE CATALOGACIÓN |
| Agencia de catalogación original |
CDMR |
| Idioma de catalogación |
cat |
| Agencia que realiza la transcripción |
CDMR |
| 245 03 - MENCIÓN DE TÍTULO |
| Título |
El full del Col·legi |
| Mención de responsabilidad, etc. |
[Col·legi de Periodistes de Catalunya] |
| 260 ## - PUBLICACIÓN, DISTRIBUCIÓN, ETC (PIE DE IMPRENTA) |
| Lugar de publicación, distribución, etc. |
[Barcelona] |
| Fecha de publicación, distribución, etc. |
1999-2006 |
| Nombre del editor, distribuidor, etc. |
Col·legi de Periodistes de Catalunya |
| 300 ## - DESCRIPCIÓN FÍSICA |
| Extensión |
41 núm. |
| Otros detalles físicos |
il. |
| 362 0# - DATOS DE LA PUBLICACIÓN Y/O DESIGNACIÓN SECUENCIAL |
| Fechas de publicación y/o designación secuencial |
Núm. 1 (maig 1999) - Núm. 41 (gener 2006) |
| 650 04 - ASIENTO SECUNDARIO DE MATERIA--TÉRMINO DE MATERIA |
| 9 (RLIN) |
3919 |
| Nombre de materia o nombre geográfico como elemento de entrada |
Periodisme |
| Subdivisión de forma |
Revistes |
| 740 ## - ENCABEZAMIENTO SECUNDARIO--TÍTULO ANALÍTICO/RELACIONADO NO CONTROLADO |
| Título relacioando o analítico no controlado |
Butlletí del Col·legi de Periodistes |
| 710 2# - ENCABEZAMIENTO SECUNDARIO--NOMBRE CORPORATIVO |
| 9 (RLIN) |
133 |
| Nombre corporativo o de jurisdicción como elemento de entrada |
Col·legi de Periodistes de Catalunya |
| 942 ## - ELEMENTOS KOHA |
| Koha tipo de item |
Publicacions periòdiques |
| Fuente de clasificación o esquema de ordenación en estanterías |
|